|
|
|
|
| LEADER |
00000nab a2200000 a 4500 |
| 001 |
vtls010710400 |
| 003 |
SK-MaSNL |
| 005 |
20260304185635.0 |
| 008 |
250709s2011 xo |||||||||||||||||slo| |
| 035 |
|
|
|a (urnnbn)urn:nbn:sk:snk:ar-a045nc
|
| 035 |
|
|
|a (uuid)45c573d7-cd56-4022-8cae-591c2001c8e6
|
| 035 |
|
|
|a urn:nbn:sk:snk-ab3dst
|
| 040 |
|
|
|a SNKBUCL
|b slo
|c SNKBUCL
|e AACR2
|
| 041 |
0 |
|
|a slo
|
| 044 |
|
|
|a xo
|c SK
|
| 100 |
1 |
|
|a Ryba, Štefan
|4 aut
|9 544267
|
| 245 |
1 |
0 |
|a DOSIAHNUTÉ VÝSLEDKY KONTROLY ÚŽITKOVOSTI OVIEC NA SLOVENSKU V ROKU 2010
|c Štefan Ryba, Martina Rafajová
|
| 700 |
1 |
|
|a Rafajová, Martina
|4 aut
|9 648394
|
| 773 |
0 |
|
|t Chov oviec a kôz : aktuálne informácie a údaje z PK pre chovateľov a priaznivcov chovu
|g Roč. 31, č. 1 (2011), s. 26-28
|
| 850 |
|
|
|a Slovenská národná knižnica
|
| 852 |
|
|
|a Slovenská národná knižnica
|
| 954 |
|
|
|a odborná, vedecká literatúra pôvodná (slovenská)
|2 lita
|
| 958 |
|
|
|a article1
|
| 958 |
|
|
|a OND
|
| 958 |
|
|
|a EUIPO
|
| 999 |
|
|
|c 3045009
|d 3046939
|